| 000 | 00422nam a22001217a 4500 | ||
|---|---|---|---|
| 040 | _cNUST | ||
| 082 |
_a621.3 _bJAF |
||
| 100 |
_aJafar, Muhammad _955432 |
||
| 245 |
_aTransformer-less series compensation of line-commutated converters for integration of offshore wind power _c Muhammad Jafar _hEnglish |
||
| 260 |
_aNorwegain _bNorwegain university of science and technology _c2013. |
||
| 300 | _a208 p4 | ||
| 942 |
_2ddc _cBK |
||
| 999 |
_c566279 _d566279 |
||